Craig T. Nelson Filmography - Statistics

General Stats
  • This quiz has been taken 22 times
    6 since last reset
  • The average score is 13 of 111
Answer Stats
Type Year Name % Correct
TV Show 1984-1985 Call to Glory
50%
TV Show 1978 Charlie's Angels
50%
TV Film 1981 Chicago Story
50%
TV Show 1982 Chicago Story
50%
TV Show 1989-1997 Coach
50%
TV Show 2013 Hawaii Five-0
50%
TV Show 1979 How the West Was Won
50%
TV Show 2010-2015 Parenthood
50%
Film 1982 Poltergeist
50%
Film 1980 Private Benjamin
50%
TV Show 1981, 1982 Private Benjamin
50%
TV Show 1973 The Mary Tyler Moore Show
50%
TV Show 1970 The Tim Conway Comedy Hour
50%
TV Show 1980 The White Shadow
50%
TV Show 1980 The Yeagers
50%
TV Show 1981 WKRP in Cincinnati
50%
TV Show 1978 Wonder Woman
50%
TV Show 2019-2024 Young Sheldon
50%
Film 1988 Action Jackson
25%
Film 1983 All the Right Moves
25%
Film 2007 Blades of Glory
25%
TV Show 2009 CSI: NY
25%
TV Show 2024, 2025 Georgie & Mandy's First Marriage
25%
Film 2015 Get Hard
25%
Film 2018 Incredibles 2
25%
TV Show 2009 Monk
25%
TV Show 2007 My Name Is Earl
25%
Film 1986 Poltergeist II: The Other Side
25%
TV Show 2024, 2025 Pupstruction
25%
TV Show 2002 The Agency
25%
Film 1997 The Devil's Advocate
25%
TV Show 2000-2004 The District
25%
TV Show 2000 The Huntress
25%
Film 2004 The Incredibles
25%
Video Game 2004 The Incredibles
25%
Short Documentary 2011 A Cure to War
0%
Theater 1998 Ah, Wilderness!
0%
TV Film 1986 Alex: The Life of a Child
0%
Film 2001 All Over Again
0%
Film 1979 ...And Justice for All
0%
TV Show 1988 An Evening at the Improv
0%
Short Film 2018 Auntie Edna
0%
TV Short 1973 Bachelor-at-Law
0%
Film 2018 Book Club
0%
Film 2023 Book Club: The Next Chapter
0%
Film 1989 Born on the Fourth of July
0%
TV Mini-Series 1998 Creature
0%
TV Film 1979 Diary of a Teenage Hitchhiker
0%
TV Film 2000 Dirty Pictures
0%
Video Game 2013 Disney Infinity
0%
Video Game 2015 Disney Infinity 3.0
0%
Video Game 2014 Disney Infinity: Marvel Super Heroes
0%
TV Mini-Series 1990 Drug Wars: The Camarena Story
0%
TV Film 1990 Extreme Close-Up
0%
Film 1974 Flesh Gordon
0%
Theater 1983-1984 Friends
0%
Film 1996 Ghosts of Mississippi
0%
Film 2016 Gold
0%
Web Series 2015 Grace and Frankie
0%
Film 2025 Green and Gold
0%
TV Show 1987 Heroes: Made in the USA
0%
Documentary Series 2021 History of the Sitcom
0%
Commercial 1996 Hitachi Ultravision TVs
0%
TV Film 1996 If These Walls Could Talk
0%
Film 1996 I'm Not Rappaport
0%
TV Film 1981 Inmates: A Love Story
0%
Video Game 2012 Kinect Rush: A Disney-Pixar Adventure
0%
Web Mini-Series 2024 LEGO Pixar: BrickToons
0%
Commercial 1995, 1997 MAACO
0%
Film 1983 Man, Woman and Child
0%
Commercial 2018 McDonald's
0%
Film 1988 Me and Him
0%
TV Film 1989 Murderers Among Us: The Simon Wiesenthal Story
0%
TV Film 1981 Murder in Texas
0%
TV Film 1982 Paper Dolls
0%
Web Series 2021 Pixar Popcorn
0%
TV Film 1994 Probable Cause
0%
Film 1987 Rachel River
0%
TV Film 1980 Rage!
0%
TV Film 2017 Raised by Wolves
0%
Film 1989 Red Riding Hood
0%
TV Film 1994 Ride with the Wind
0%
Film 1973 Scream Blacula Scream
0%
Commercial 1991 Shedd's Spread Country Crock Margarine
0%
Film 1983 Silkwood
0%
Film 2011 Soul Surfer
0%
Film 1980 Stir Crazy
0%
TV Film 1994 Take Me Home Again
0%
Film 2010 The Company Men
0%
Film 2005 The Family Stone
0%
Documentary Mini-Series 1998 The Fifty
0%
TV Mini-Series 1993 The Fire Next Time
0%
Film 1980 The Formula
0%
TV Film 1991 The Josephine Baker Story
0%
Film 1984 The Killing Fields
0%
TV Film 1994 The Lies Boys Tell
0%
Film TBA The Operative
0%
Film 1983 The Osterman Weekend
0%
TV Film 1980 The Promise of Love
0%
Film 2009 The Proposal
0%
Film 1971 The Return of Count Yorga
0%
Film 2000 The Skulls
0%
TV Film 1993 The Switch
0%
TV Film 1986 The Ted Kennedy Jr. Story
0%
TV Documentary 1993 The Ultimate Driving Challenge
0%
TV Mini-Series 1999 To Serve and Protect
0%
Commercial 2013 Toyota Camry
0%
Film 1989 Troop Beverly Hills
0%
Film 1989 Turner & Hooch
0%
Film 1997 Wag the Dog
0%
Film 1980 Where the Buffalo Roam
0%
No matching quizzes found
Score Distribution
Percent of People with Each Score
Percentile by Number Answered
Your Score History
You have not taken this quiz since the last reset